Missing First Level Subdivisions - Statistics

General Stats
  • This quiz has been taken 562 times
  • The average score is 8 of 14
Answer Stats
Picture Answer % Correct
Northern Ireland
98%
Tasmania
90%
New Jersey
83%
Normandy
76%
Galicia
74%
New Brunswick
63%
Saxony
63%
Kamchatka
55%
Rio de Janeiro
47%
Baja California Sur
45%
Cordoba
39%
Tangier
34%
Liguria
29%
Tabuk
8%
No matching quizzes found
Score Distribution
Percent of People with Each Score
Percentile by Number Answered
Your Score History
You have not taken this quiz